| 000 | 00791cam a2200253 u 4500 | ||
|---|---|---|---|
| 003 | UPN | ||
| 005 | 20220831174300.0 | ||
| 008 | 191022s2003 mx fr 000 e spa d | ||
| 020 | _a9686951989 | ||
| 035 | _aUPN01000233630 | ||
| 040 |
_aMX-MxUPN _bspa _cMX-MxUPN |
||
| 050 | 4 |
_aPQ7081 _bF54 2003 |
|
| 100 | 1 |
_aFigueroa, Marie-Claire _945996 |
|
| 245 | 1 | 3 |
_aEl placer del texto : _bensayos sobre literatura |
| 250 | _aPrimera edición | ||
| 260 |
_aOaxaca, Oax. : _bVoces solares : _bInstituto Oaxaqueño de las Culturas , _c2003. |
||
| 300 | _a206 páginas | ||
| 490 | 0 | _aEnsayo | |
| 650 | 0 |
_915295 _aLiteratura latinoamericana _xHistoria y critica |
|
| 650 | 0 |
_915115 _aLiteratura europea _xHistoria y critica |
|
| 905 | _aLibro | ||
| 942 |
_2lcc _cLIBRO |
||
| 999 |
_c205725 _d205725 |
||